التقرير الطبي بإصابة المجنى عليع وأثره في الاثبات في الدعويين الجنائية والمدنية / (Record no. 6760)
[ view plain ]
| 000 -الفاتح | |
|---|---|
| حقل البيانات ثابتة الطول | 01166nac a22002291u 4500 |
| 008 - عناصر البيانات ثابتة الطول - معلومات عامة | |
| حقل البيانات ثابتة الطول | 101014s xxu||||| |||| 00| 0 ara d |
| 082 ## - رقم تصنيف ديوى العشرى | |
| رقم التصنيف | 345.02 |
| رقم المادة | ج ا ب |
| 100 1# - المدخل الرئيسى - إسم شخصى | |
| الإسم الشخصى | جابر ، حسين عبد السلام |
| 9 (RLIN) | 20411 |
| 245 ## - بيان العنوان | |
| العنوان | التقرير الطبي بإصابة المجنى عليع وأثره في الاثبات في الدعويين الجنائية والمدنية / |
| بيان المسئوليه,etc | حسين عبد السلام جابر |
| 260 ## - PUBLICATION, DISTRIBUTION, ETC. (IMPRINT) | |
| مكان الناشر او الموزع | [د . م] : |
| اسم الناشر او الموزع | دار نهضة القانون ، |
| تاريخ النشر أو التوزيع | [د . ت]. |
| 300 ## - الوصف المادى | |
| التعداد | 239 ص ؛ |
| أبعاد الوعاء | 24 سم. |
| 440 ## - | |
| -- | 20418 |
| 490 #0 - بيان السلسلة | |
| -- | 20421 |
| عنوان السلسلة | مكتبة الاجراءات الجنائية |
| 500 ## - تبصرة عامة | |
| تبصرة عامة | Donations - Bibliotheca Alexandrina |
| 504 ## - تبصرة ببليوجرافية | |
| تبصرة ببليوجرافية,الخ | يحتوى على إرجاعات ببليوجرافية |
| 511 ## - | |
| -- | Catalogued by: Sara |
| 650 ## - المدخل الاضافى بالموضوع-مصطلح موضوعى | |
| مصطلح موضوعي أو اسم جغرافي كعنصر مدخل | الجنايات |
| 9 (RLIN) | 21926 |
| 650 ## - المدخل الاضافى بالموضوع-مصطلح موضوعى | |
| مصطلح موضوعي أو اسم جغرافي كعنصر مدخل | البحث الجنائي |
| 9 (RLIN) | 21928 |
| 650 ## - المدخل الاضافى بالموضوع-مصطلح موضوعى | |
| مصطلح موضوعي أو اسم جغرافي كعنصر مدخل | القانون الجنائي |
| 9 (RLIN) | 21929 |
| 942 ## - عناصر المدخل الإضافي( كوها) | |
| Koha [default] item type | Book - Borrowing |
| سابقة رقم الطلب | 345.02 ج ا ب |
| مصدر التصنيف او مخطط الترفيف | Dewey Decimal Classification |
| حالة التراجع | حالة الفقد | مصدر التصنيف او خطة الترفيف | حالة تلف | ليس للاعارة | مجموعات كوها | المكان الدائم | المكان الحالي | موقع الترفيف | تاريخ الاكتساب | Source of acquisition | رقم الاستدعاء | الباركود | Date last seen | مُعار | نوع الوعاء |
|---|---|---|---|---|---|---|---|---|---|---|---|---|---|---|---|
| Dewey Decimal Classification | Donation-Gift | Central Library | Central Library | First floor | 02/01/2008 | 347.05 ج ا ب | 000008407 | 15/07/2025 | 24/07/2012 | Book - Borrowing |